000
00272nam a2200109Ia 4500
008
220204s9999 xx 000 0 und d
082
_a
804
_b
SCH
100
_a
Schwarz, Martin
245
0
_a
Variete du conte Francais
260
_a
New York
_b
Holt Rinehart
_c
1972
942
_c
BK
999
_c
28163
_d
28163